Charles Darwin / (Registro n. 7452)
[ somente texto ]
| 000 -LÍDER | |
|---|---|
| campo de controle de tamanho fixo | 01655nam a2200229 a 4500 |
| 001 - NÚMERO DE CONTROLE | |
| campo de controle | BS0002393 |
| 003 - IDENTIFICADOR DO NÚMERO DE CONTROLE | |
| campo de controle | BR-BrBNA |
| 005 - DATA E HORÁRIO DA ÚLTIMA TRANSAÇÃO | |
| campo de controle | 20230418192023.0 |
| 008 - CAMPO DE DADOS FIXOS--INFORMAÇÃO GERAL | |
| campo de controle de tamanho fixo | 230308b |||||||| |||| 00| 0 por d |
| 040 ## - FONTE DA CATALOGAÇÃO | |
| Instituição da catalogação original | BR-BrBNA |
| Idioma da catalogação | por |
| Instituição que transcreveu o registro | Biblioteca Nacional de Agricultura |
| 041 ## - CÓDIGO DE IDIOMA | |
| Código do idioma do texto/trilha sonora ou título diferente | por |
| 072 ## - CÓDIGO DE CATEGORIA DE ASSUNTO | |
| Código de Categoria de Assunto | B60 |
| 090 ## - NÚMERO DE CHAMADA LOCAL | |
| Número de chamada | B60 BS0002393 |
| 100 1# - ENTRADA PRINCIPAL--NOME PESSOAL | |
| Nome pessoal | Sproule, A. |
| 245 1# - TÍTULO | |
| Título | Charles Darwin / |
| 260 3# - PUBLICAÇÃO, DISTRIBUIÇÃO, ETC. | |
| Local de publicação, distribuição, etc. | São Paulo, SP: |
| Nome do editor, distribuidor, etc. | Globo, |
| Data da publicação, distribuição, etc. | 1993. |
| 300 ## - DESCRIÇÃO FÍSICA | |
| Extensão | 64 p. |
| 520 3# - NOTA DE RESUMO, ETC | |
| Resumo, etc. | Depois de cinco anos de uma jornada épica ao redor do mundo, Charles Darwin voltou à Inglaterra com a teoria que iria sacudir as sólidas fundações da sociedade do século 19. Os homens são parentes dos macacos, proclamava em seu livro A Origem da Espécies, onde expunha o revolucionário ponto de vista segundo o qual todos os seres vivos, das pulgas aos elefantes, evoluíram por seleção natural: os mais capazes e mais ajustados sobreviveram e se reproduziram; os outos desapareceram. O homem foi criado por Deus, Ele é único e supremo, brandavam os púlpitos - e também o público. Argumentos extremados e debates irados trouxeram à tona as opiniões, de uma lado e de outro, a respeito de como surgiu a vida na Terra. O mundo científico, finalmente, veio juntar-se a Darwin. Apesar das controvérsias, a Teoria da Evolução é comumente aceita no meio científico e é tão relevante como sempre foi. De modo geral, porém, o ser humano tende a agir como se fosse o senhor da criação, com todas as outras espécies sujeitas à sua dominação e , frequentemente, à sua destruição. |
| 650 ## - ASSUNTO--TERMO TÓPICO | |
| Cabeçalho tópico ou nome geográfico | BIOGRAFIA |
| 909 ## - | |
| -- | 202304 |
| -- | Sergio Santos |
| -- | 56 |
| -- | Sergio Santos |
| 942 ## - ELEMENTOS DE ENTRADA ADICIONADOS (KOHA) | |
| Tipo de material Koha | Livros |
| Situação do descarte | Fonte da classificação ou esquema de arquivamento na estante | Situação física | Não pode ser emprestado | Coleção | Biblioteca de origem | Biblioteca atual | Total de empréstimos | Número de telefone completo | Código de barras | Data de último acesso | Número do exemplar | Tipo de material Koha | Situação das perdas | Data de aquisição | Fonte de aquisição | Qualificador de local codificado | Custo, preço normal de compra | Número do inventário | Custo, preço de reposição | Preço efetivo de |
|---|---|---|---|---|---|---|---|---|---|---|---|---|---|---|---|---|---|---|---|---|
| Classificação AGRIS | Acervo Cultural | Espaço Ceres - QVT/MAPA | Espaço Ceres - QVT/MAPA | B60 BS0002393 | 2023-436790 | 12/04/2023 | 01 | Livros | 2023-04-04 | Doação | B60 |

BINAGRI